Random U.S. State Capitals without Vowels - Statistics

General Stats
  • This quiz has been taken 23 times
  • The average score is 13 of 15
Answer Stats
No Vowels With Vowels % Correct
BTN RG Baton Rouge
100%
BS Boise
100%
CLMBS Columbus
100%
CNCRD Concord
100%
DNVR Denver
100%
DS MNS Des Moines
100%
DVR Dover
100%
FRNKFRT Frankfort
100%
HLN Helena
100%
NDNPLS Indianapolis
100%
JCKSN Jackson
100%
JFFRSN CT Jefferson City
100%
JN Juneau
100%
LNCLN Lincoln
100%
LTTL RCK Little Rock
100%
MDSN Madison
100%
MNTGMR Montgomery
100%
NSHVLL Nashville
100%
PHNX Phoenix
100%
PRVDNC Providence
100%
RLGH Raleigh
100%
RCHMND Richmond
100%
SCRMNT Sacramento
100%
SNT PL Saint Paul
100%
SLT LK CT Salt Lake City
100%
SNT F Santa Fe
100%
SPRNGFLD Springfield
100%
TRNTN Trenton
100%
BSTN Boston
86%
CHRLSTN Charleston
86%
HRRSBRG Harrisburg
83%
HRTFRD Hartford
80%
NNPLS Annapolis
78%
BSMRCK Bismarck
75%
CRSN CT Carson City
75%
TLLHSS Tallahassee
75%
TPK Topeka
71%
TLNT Atlanta
67%
CLMB Columbia
67%
LNSNG Lansing
67%
LMP Olympia
67%
PRR Pierre
67%
SLM Salem
67%
CHNN Cheyenne
63%
MNTPLR Montpelier
57%
GST Augusta
50%
STN Austin
50%
KLHM CT Oklahoma City
50%
LBN Albany
43%
HNLL Honolulu
0%
No matching quizzes found
Score Distribution
Percent of People with Each Score
Percentile by Number Answered
Your Score History
You have not taken this quiz